| 000 | 00490nmm a2200169Ia 4500 | ||
|---|---|---|---|
| 008 | 251105s9999||||xx |||||||||||||||||und|| | ||
| 020 | _a9788499401904 | ||
| 041 | _aspa | ||
| 100 | _aCerezo Galán, Pedro | ||
| 245 | 0 | _aJosé Ortega y Gasset y la razón práctica | |
| 264 |
_a[Madrid, España] : _bBiblioteca Nueva, _c2011 |
||
| 300 | _a424 páginas | ||
| 490 | _aEl Arquero | ||
| 650 | _aPhilosophy, Ethics | ||
| 856 | _uhttps://public.digitaliapublishing.com/a/14882 | ||
| 942 | _cCF | ||
| 999 |
_c92617 _d92617 |
||